LEADER 03429nam 2200577 450 001 9910812413603321 005 20230801232923.0 010 $a1-4081-7789-7 035 $a(CKB)3710000000087988 035 $a(EBL)1635439 035 $a(SSID)ssj0001164109 035 $a(PQKBManifestationID)11644736 035 $a(PQKBTitleCode)TC0001164109 035 $a(PQKBWorkID)11181734 035 $a(PQKB)10086893 035 $a(MiAaPQ)EBC1635439 035 $a(Au-PeEL)EBL1635439 035 $a(CaPaEBR)ebr10837740 035 $a(CaONFJC)MIL604003 035 $a(OCoLC)870950823 035 $a(EXLCZ)993710000000087988 100 $a20140224d2012 uy| 0 101 0 $aeng 135 $aur|n|---||||| 181 $ctxt 182 $cc 183 $acr 200 10$aModern British playwriting $ethe 1970s : voices, documents, new interpretations /$fChris Megson 210 1$aLondon :$cBloomsbury,$d2012. 215 $a1 online resource (312 p.) 225 1 $aMethuen drama 225 1 $aDecades 300 $aDescription based upon print version of record. 311 $a1-4081-2938-8 320 $aIncludes bibliographical references and index. 327 $aCover; Contents; General Preface; Acknowledgements; Introduction: Living in the 1970s; Domestic life; Society; Culture; Media; Science, technology and industry; Political events; 1 Theatre in the 1970s; The political context; Alternative theatre; Playwriting and politics; Funding; Flagship theatres; National and international contexts; Conclusion; 2 Introducing the Playwrights; Caryl Churchill; David Hare; Howard Brenton; David Edgar; 3 Playwrights and Plays; Caryl Churchill; Introduction; Owners; Vinegar Tom; Cloud Nine; Conclusion; David Hare; Introduction; Slag; Fanshen 327 $a'The Play is in the Air'Plenty; Conclusion; Howard Brenton; Introduction; Brenton's bag; 'The View'; The bear pit; David Edgar; Introduction; Destiny; The Jail Diary of Albie Sachs; Mary Barnes; Conclusion; 4 Documents; James Aubrey; Howard Barker; Ian Blower; Howard Brenton; David Edgar; David Gant; Tim Hardy; Barry Kyle; Peter McEnery; Ian McNeice; Ann Mitchell; Di Seymour; Mary Sheen; Kit Surrey; A final word . . .; Notes; Select Bibliography; Index; A; B; C; D; E; F; G; H; I; J; K; L; M; N; O; P; Q; R; S; T; U; V; W; Y; Notes on Contributors 330 $aEssential for students of Theatre Studies, this series of six decadal volumes provides a critical survey and reassessment of the theatre produced in each decade from the 1950s to the present. Each volume equips readers with an understanding of the context from which work emerged, a detailed overview of the range of theatrical activity and a close study of the work of four of the major playwrights by a team of leading scholars. Chris Megson's comprehensive survey of the theatre of the 1970s examines the work of four playwrights who came to promience in the decade and whose work remains undimini 410 0$aMethuen drama (Series) 410 0$aDecades of modern British playwriting. 606 $aEnglish drama$y20th century$xHistory and criticism 615 0$aEnglish drama$xHistory and criticism. 676 $a822.91409 700 $aMegson$b Christopher$01614795 801 0$bMiAaPQ 801 1$bMiAaPQ 801 2$bMiAaPQ 906 $aBOOK 912 $a9910812413603321 996 $aModern British playwriting$93944747 997 $aUNINA LEADER 03556nam 22005295 450 001 9910149493003321 005 20210202111235.0 010 $a9782759824861 010 $a2759824861 024 7 $a10.1051/978-2-7598-2486-1 035 $a(CKB)3580000000002041 035 $a(DE-B1597)573471 035 $a(OCoLC)1233041127 035 $a(DE-B1597)9782759824861 035 $a(oapen)https://directory.doabooks.org/handle/20.500.12854/78998 035 $a(Perlego)3058214 035 $a(oapen)doab78998 035 $a(EXLCZ)993580000000002041 100 $a20210202h20212012 fg 101 0 $aeng 135 $aur||||||||||| 181 $ctxt$2rdacontent 182 $cc$2rdamedia 183 $acr$2rdacarrier 200 14$aThe major accident at Fukushima /$fÉtienne-Émile Beaulieu, Édouard Brézin, Jacques Friedel, Alain Carpentier 210 $cEDP SCIENCES$d2012 210 1$aLes Ulis : $cEDP Sciences, $d[2021] 210 4$d©2012 215 $a1 online resource (90 p.) 225 0 $aAcadémie des sciences 311 08$a9782759807550 311 08$a275980755X 327 $tFrontmatter -- $tCONTENTS -- $tPRESENTATION -- $tFIRST PART. Megaseisms and megatsunamis -- $tSECOND PART. The nuclear accident -- $tTHIRD PART. Consequences on health and the environment 330 $a"On March 11, 2011, the North-East of Japan was struck by a huge earthquake followed by a major tsunami and a series of accidents that took place at the nuclear power site at Fukushima, with emissions of radioactive elements". This was the message addressed by Prof. Kanazawa, President of the Science Council of Japan (SCJ), only a few days after the catastrophe, to his colleagues Presidents of the Science Academies, adding that he nourished the hope the "the academies would continue in the future to help with the necessary rehabilitation work". The idea arose immediately to set up an ad hoc academic Working Party, with the assigned mission to analyse the events that had taken place in Japan, to make a status report regarding seismic and nuclear risks both in metropolitan France and in overseas territories and to draw conclusions and make recommendations as deemed appropriate to the situation. The academic Working Party comprised three separate sub-groups, each dealing with one of the three aspects - seismic, nuclear and medical - of the drama as it unfolded. For each of these components, objects of the three parts of this report, the analysis of observed events in Fukushima was supplemented by a reflection o the strengths and weaknesses of these areas in France, in order to formulate the necessary recommendations and to answer scientific and societal question public arises. Although uncertainties remain and that new information still come each month to enrich the record, the enclosed reports seemed complete enough to be published in the state, after the anniversary of this tragedy that will long continue to challenge us. 606 $aSCIENCE / Physics / Nuclear$2bisacsh 610 $anuclear accident 610 $aFukushima 615 7$aSCIENCE / Physics / Nuclear. 700 $aBeaulieu$b Étienne-Émile, $4aut$4http://id.loc.gov/vocabulary/relators/aut$0802710 702 $aBrézin$b Édouard, $4aut$4http://id.loc.gov/vocabulary/relators/aut 702 $aFriedel$b Jacques, $4aut$4http://id.loc.gov/vocabulary/relators/aut 801 0$bDE-B1597 801 1$bDE-B1597 906 $aBOOK 912 $a9910149493003321 996 $aThe major accident at Fukushima$92244516 997 $aUNINA